[Event "41st World U20 ch"]
[Site "Panaji IND"]
[Date "2002.12.12"]
[Round "6.35"]
[White "Sriram, Sarja"]
[Black "Soumya, Ranjan Mishra"]
[Result "0-1"]
[WhiteElo "2100"]
[BlackElo "2207"]
[EventDate "2002.12.09"]
[PlyCount "110"]

1.Nf3 d5 2.d4 Nf6 3.c4 e6 4.Nc3 c6 5.e3 Nbd7 6.Bd3 dxc4 7.Bxc4 Be7 8.O-O 
b6 9.e4 Bb7 10.Bg5 O-O 11.Re1 b5 12.Bd3 h6 13.Bh4 a6 14.e5 Nd5 15.Bxe7 
Qxe7 16.a4 N7b6 17.a5 Nxc3 18.bxc3 Nd5 19.c4 bxc4 20.Bxc4 c5 21.dxc5 Qxc5 
22.Qd4 Rac8 23.Rec1 Rfd8 24.Qb2 Qe7 25.Bf1 Rxc1 26.Rxc1 Nf4 27.Qb3 Nh3+ 
28.Kh1 Nxf2+ 29.Kg1 Ng4 30.h3 Bxf3 31.Qxf3 Nxe5 32.Qe3 Qd6 33.Rb1 Qd5 34.
Qb6 Rd6 35.Qb8+ Kh7 36.Rb6 Qc5+ 37.Kh2 Rd1 38.Rb1 Rd2 39.Qb6 Qc3 40.Kh1 
Ra2 41.Qxa6 Qxa5 42.Qb7 Qd5 43.Qb4 Rd2 44.Qa4 Qd4 45.Qb3 Qf4 46.Qc3 Qd4 
47.Qb3 Qf2 48.Qc3 Ng6 49.Qc4 Nf4 50.Qe4+ f5 51.Qc6 Nxh3 52.Bc4 Ng5 53.Rf1 
Qh4+ 54.Kg1 Qd4+ 55.Kh1 Rc2 0-1

[Event "41st World U20 ch"]
[Site "Panaji IND"]
[Date "2002.12.12"]
[Round "6.36"]
[White "Pradeep, T. S."]
[Black "Vuilleumier, Alexandre"]
[Result "1/2-1/2"]
[WhiteElo "2111"]
[BlackElo "2193"]
[EventDate "2002.12.09"]
[PlyCount "111"]

1.e4 c5 2.d4 cxd4 3.c3 Nf6 4.e5 Nd5 5.Nf3 e6 6.cxd4 b6 7.Nc3 Nxc3 8.bxc3 
Qc7 9.Bd2 Bb7 10.Bd3 d6 11.O-O Nd7 12.Re1 dxe5 13.Nxe5 Nxe5 14.Rxe5 Bd6 
15.Rh5 g6 16.Rh3 O-O 17.Qg4 Bd5 18.Qh4 f5 19.c4 Bb7 20.Re1 Rae8 21.Bc3 Rf7
22.Rhe3 Rfe7 23.c5 Qc6 24.f3 Bb8 25.Bc4 Qd7 26.d5 Bxd5 27.Qd4 e5 28.Qxd5+ 
Qxd5 29.Bxd5+ Kg7 30.c6 Bd6 31.Kf1 Kf8 32.Bxe5 Rxe5 33.Rxe5 Rxe5 34.Rxe5 
Bxe5 35.h3 Ke7 36.Bc4 Kd6 37.Bb5 Kc5 38.Ba4 b5 39.Bb3 Kxc6 40.Bg8 h6 41.
Bh7 f4 42.Bxg6 Kc5 43.Ke2 Kd4 44.Kd2 Bc7 45.h4 Ba5+ 46.Kc2 Ke3 47.Be8 a6 
48.Kb3 Kf2 49.Bd7 Kxg2 50.Bg4 Kf2 51.a4 b4 52.h5 Ke3 53.Kb2 Bc7 54.Kb3 a5 
55.Kb2 Be5+ 56.Kb3 1/2-1/2

[Event "41st World U20 ch"]
[Site "Panaji IND"]
[Date "2002.12.12"]
[Round "6.38"]
[White "Byomakesh, Nayak"]
[Black "Kafka, Graeme"]
[Result "1/2-1/2"]
[WhiteElo "2136"]
[BlackElo "2108"]
[EventDate "2002.12.09"]
[PlyCount "26"]

1.d4 d5 2.c4 c6 3.Nc3 dxc4 4.e3 b5 5.Nxb5 cxb5 6.Qf3 Qc7 7.Qxa8 Bb7 8.Qxa7
e6 9.d5 Bc5 10.d6 Qxd6 11.Qxb7 Bb4+ 12.Ke2 Qd3+ 13.Kf3 Qf5+ 1/2-1/2

[Event "41st World U20 ch"]
[Site "Panaji IND"]
[Date "2002.12.12"]
[Round "6.40"]
[White "Gurpreet, Singh Maras"]
[Black "Naveen, R."]
[Result "1/2-1/2"]
[WhiteElo "2145"]
[BlackElo "2099"]
[EventDate "2002.12.09"]
[PlyCount "49"]

1.e4 e5 2.Nf3 Nc6 3.Bb5 a6 4.Ba4 Nf6 5.O-O b5 6.Bb3 Bc5 7.c3 d6 8.d4 Bb6 
9.dxe5 Nxe5 10.Nxe5 dxe5 11.Qxd8+ Kxd8 12.Bg5 Ke7 13.Nd2 Bb7 14.Nf3 h6 15.
Bh4 g5 16.Bg3 Nxe4 17.Nxe5 Nd2 18.Rfe1 Nxb3 19.axb3 Rhe8 20.Rad1 Kf8 21.
Nd7+ Kg7 22.Be5+ Kg6 23.Nxb6 cxb6 24.Rd6+ Re6 25.Rxe6+ 1/2-1/2

[Event "41st World U20 ch"]
[Site "Panaji IND"]
[Date "2002.12.12"]
[Round "6.41"]
[White "Phanikanth, J. S. S."]
[Black "Kosmo, Santul"]
[Result "0-1"]
[WhiteElo "2012"]
[BlackElo "2145"]
[EventDate "2002.12.09"]
[PlyCount "57"]

1.e4 c5 2.Nf3 d6 3.d4 cxd4 4.Nxd4 Nf6 5.Nc3 a6 6.Be2 e6 7.O-O Be7 8.Be3 
O-O 9.f4 Nc6 10.Kh1 Qc7 11.Qd2 Bd7 12.Rad1 b5 13.a3 Rfd8 14.Bf3 Rab8 15.
Nxc6 Bxc6 16.b3 Qb7 17.Qd4 d5 18.e5 Ne4 19.b4 f5 20.Rd3 Be8 21.Rfd1 Rdc8 
22.Bd2 Bd8 23.Qg1 Bb6 24.Be3 Nxc3 25.R1d2 Ne4 26.Re2 Qa7 27.g3 Bxe3 28.
Rdxe3 Rc4 29.Kg2 0-1

[Event "41st World U20 ch"]
[Site "Panaji IND"]
[Date "2002.12.12"]
[Round "6.42"]
[White "Himanshu, Kumar"]
[Black "Sanchit, Agarwal"]
[Result "1/2-1/2"]
[WhiteElo "2072"]
[BlackElo "2004"]
[EventDate "2002.12.09"]
[PlyCount "31"]

1.Nf3 Nf6 2.c4 d6 3.d4 g6 4.g3 Bg7 5.Bg2 O-O 6.O-O Nbd7 7.Nc3 e5 8.e4 Re8 
9.h3 exd4 10.Nxd4 c6 11.Re1 a5 12.Be3 Nc5 13.Qc2 Qc7 14.Rad1 Bd7 15.f4 
Rad8 16.Bf2 1/2-1/2

[Event "41st World U20 ch"]
[Site "Panaji IND"]
[Date "2002.12.13"]
[Round "7.2"]
[White "Potkin, Vladimir"]
[Black "Bu Xiangzhi"]
[Result "1/2-1/2"]
[WhiteElo "2495"]
[BlackElo "2601"]
[EventDate "2002.12.09"]
[PlyCount "39"]

1.e4 c5 2.c3 d5 3.exd5 Qxd5 4.d4 Nf6 5.Nf3 Bg4 6.dxc5 Qxc5 7.Na3 a6 8.Be3 
Qc7 9.Qa4+ Nbd7 10.Bf4 Qc8 11.Ne5 e6 12.Nxg4 Nxg4 13.Bg3 Nf6 14.Nb1 Be7 
15.Nd2 O-O 16.Be2 b5 17.Qc2 b4 18.c4 Nc5 19.O-O Rd8 20.Rfd1 1/2-1/2

[Event "41st World U20 ch"]
[Site "Panaji IND"]
[Date "2002.12.13"]
[Round "7.3"]
[White "McShane, Luke"]
[Black "Harikrishna, Pentala"]
[Result "1/2-1/2"]
[WhiteElo "2546"]
[BlackElo "2551"]
[EventDate "2002.12.09"]
[PlyCount "136"]

1.e4 e6 2.d4 d5 3.e5 c5 4.c3 Nc6 5.Nf3 Qb6 6.Be2 cxd4 7.cxd4 Nh6 8.Bd3 Nf5
9.Bxf5 exf5 10.O-O Be6 11.Nc3 Rc8 12.Rb1 Be7 13.Ne2 h6 14.h4 Qd8 15.h5 Rc7
16.Bd2 Qd7 17.b4 O-O 18.Ne1 Rfc8 19.Nd3 b6 20.a3 Nd8 21.Qb3 Rc4 22.Rfd1 
Qe8 23.Nb2 R4c7 24.Rbc1 Rxc1 25.Rxc1 Rxc1+ 26.Bxc1 Qc6 27.Bd2 Kh8 28.a4 
Nb7 29.Qd3 Nd8 30.b5 Qc8 31.Nd1 Nb7 32.Ne3 Bg5 33.f4 Be7 34.g4 fxg4 35.f5 
Bd7 36.f6 Bf8 37.Nxd5 Bf5 38.Qe3 Qc2 39.Ng3 Be6 40.fxg7+ Bxg7 41.Nf6 Qd1+ 
42.Kf2 Bc4 43.Qc3 Na5 44.Bf4 Bxf6 45.exf6 Kh7 46.Bd2 Qb3 47.Qxb3 Bxb3 48.
Nf5 Nc4 49.Bf4 Nb2 50.Bb8 Bxa4 51.Nd6 Nd1+ 52.Kg3 Nc3 53.Bxa7 Ne2+ 54.Kxg4
Nxd4 55.Bxb6 Nxb5 56.Nxf7 Bd1+ 57.Kh4 Bb3 58.Ne5 Nd6 59.Bc5 Nf7 60.Ng6 Bc2
61.Nf4 Kg8 62.Ng6 Ng5 63.Ne5 Bd1 64.Ng4 Bxg4 65.Kxg4 Ne4 66.Be7 Kf7 67.Kf5
Ng3+ 68.Kg4 Ne4 1/2-1/2

[Event "41st World U20 ch"]
[Site "Panaji IND"]
[Date "2002.12.13"]
[Round "7.4"]
[White "Yakovenko, Dmitry"]
[Black "Ghaem Maghami, Ehsan"]
[Result "1-0"]
[WhiteElo "2570"]
[BlackElo "2511"]
[EventDate "2002.12.09"]
[PlyCount "73"]

1.e4 c5 2.Nf3 d6 3.d4 cxd4 4.Nxd4 Nf6 5.Nc3 a6 6.Be2 e5 7.Nb3 Be7 8.O-O 
O-O 9.Kh1 b6 10.Be3 Bb7 11.f3 b5 12.a4 b4 13.Nd5 Nxd5 14.exd5 Nd7 15.c3 
bxc3 16.bxc3 Bg5 17.Bf2 h5 18.c4 h4 19.Rb1 Re8 20.Qc2 Rc8 21.Rfd1 Nf6 22.
Qf5 Nd7 23.Nd2 g6 24.Qh3 Rb8 25.Ne4 Be7 26.Bxh4 Bxh4 27.Nxd6 Nc5 28.Nxe8 
Bf2 29.f4 exf4 30.Rf1 Ne4 31.Bd3 Qxe8 32.Bxe4 Qxe4 33.Rxb7 Rxb7 34.Qc8+ 
Kg7 35.Qxb7 Qxc4 36.Qb2+ Bd4 37.Rxf4 1-0

[Event "41st World U20 ch"]
[Site "Panaji IND"]
[Date "2002.12.13"]
[Round "7.5"]
[White "Miton, Kamil"]
[Black "Wojtaszek, Radoslaw"]
[Result "1/2-1/2"]
[WhiteElo "2564"]
[BlackElo "2452"]
[EventDate "2002.12.09"]
[PlyCount "32"]

1.d4 Nf6 2.c4 g6 3.Nc3 d5 4.cxd5 Nxd5 5.Bd2 Bg7 6.e4 Nb6 7.Be3 O-O 8.Be2 
Nc6 9.Nf3 Bg4 10.d5 Bxf3 11.gxf3 Ne5 12.Qb3 c6 13.f4 Ned7 14.dxc6 bxc6 15.
O-O-O e6 16.Qa3 Qh4 1/2-1/2

[Event "41st World U20 ch"]
[Site "Panaji IND"]
[Date "2002.12.13"]
[Round "7.6"]
[White "Timofeev, Artiom"]
[Black "Jirka, Jiri"]
[Result "1-0"]
[WhiteElo "2558"]
[BlackElo "2378"]
[EventDate "2002.12.09"]
[PlyCount "81"]

1.e4 e5 2.Nf3 Nc6 3.Bb5 Nd4 4.Nxd4 exd4 5.Bc4 h5 6.d3 Bc5 7.Nd2 c6 8.Qe2 
d6 9.Nf3 Ne7 10.O-O d5 11.Bb3 a5 12.c3 Bg4 13.a3 a4 14.Ba2 Kf8 15.h3 dxe4 
16.hxg4 exf3 17.Qxf3 Nd5 18.g5 Qd7 19.Bd2 Rd8 20.Rfe1 Qg4 21.Qxg4 hxg4 22.
c4 Ne7 23.b4 axb3 24.Bxb3 g3 25.fxg3 Bd6 26.Bf4 c5 27.Bd1 Nf5 28.Rb1 g6 
29.Rxb7 Kg7 30.Bf3 Bxf4 31.gxf4 Ne3 32.Rb5 Rc8 33.a4 Rh4 34.a5 Nc2 35.Reb1
Nb4 36.R1xb4 cxb4 37.a6 Rxf4 38.a7 Rxf3 39.Rb8 Rxb8 40.axb8=Q Rxd3 41.Qxb4
1-0

[Event "41st World U20 ch"]
[Site "Panaji IND"]
[Date "2002.12.13"]
[Round "7.7"]
[White "Mastrovasilis, Dimitrios"]
[Black "Inarkiev, Ernesto"]
[Result "1/2-1/2"]
[WhiteElo "2461"]
[BlackElo "2556"]
[EventDate "2002.12.09"]
[PlyCount "130"]

1.e4 c5 2.Nf3 Nc6 3.d4 cxd4 4.Nxd4 g6 5.c4 Nf6 6.Nc3 d6 7.Be2 Nxd4 8.Qxd4 
Bg7 9.Bg5 O-O 10.Qd2 a5 11.O-O a4 12.Bd3 Qa5 13.Rae1 Kh8 14.Qc1 Re8 15.Kh1
Be6 16.Nd5 Nd7 17.f4 Nc5 18.Bb1 Bxd5 19.exd5 e6 20.Rd1 Qb4 21.dxe6 Nxe6 
22.f5 Nxg5 23.Qxg5 Qxc4 24.fxg6 fxg6 25.b3 axb3 26.axb3 Qxb3 27.Rxd6 Rf8 
28.Rdd1 b5 29.h3 b4 30.Be4 Rab8 31.Rxf8+ Rxf8 32.Rd8 Qf7 33.Bd5 Qf2 34.Qe7
Qf1+ 35.Kh2 Qf4+ 36.Kh1 Rxd8 37.Qxd8+ Bf8 38.g3 Qc1+ 39.Kg2 Kg7 40.Qd7+ 
Kh6 41.Bg8 Qc2+ 42.Kf3 Bg7 43.Qd5 Qc1 44.h4 Bc3 45.Qg5+ Qxg5 46.hxg5+ Kg7 
47.Bb3 Bd2 48.Kg4 Kf8 49.Bc4 Ke7 50.Bg8 Bc1 51.Bb3 Bd2 52.Bg8 Be3 53.Bb3 
Kd6 54.Bg8 Ke7 55.Bb3 Bc5 56.Ba2 Bd6 57.Bb3 Kf8 58.Bc4 Kg7 59.Bb3 Bc5 60.
Bc4 Be3 61.Bb3 h5+ 62.gxh6+ Bxh6 63.Bc2 Kf6 64.Kf3 Bd2 65.Ke2 Bc3 1/2-1/2

[Event "41st World U20 ch"]
[Site "Panaji IND"]
[Date "2002.12.13"]
[Round "7.8"]
[White "Satyapragyan, Swayangsu"]
[Black "Berkes, Ferenc"]
[Result "1/2-1/2"]
[WhiteElo "2436"]
[BlackElo "2545"]
[EventDate "2002.12.09"]
[PlyCount "78"]

1.e4 c5 2.Nf3 d6 3.d4 cxd4 4.Nxd4 Nf6 5.Nc3 a6 6.g3 Bg4 7.f3 Bd7 8.g4 h6 
9.Be3 Nc6 10.Qd2 e6 11.O-O-O Qc7 12.h4 Ne5 13.Qf2 g6 14.Be2 Nc4 15.Bxc4 
Qxc4 16.Nb3 Qc7 17.Rhe1 Bc6 18.g5 hxg5 19.Bxg5 Nh7 20.Nd5 Bxd5 21.exd5 
Nxg5 22.hxg5 e5 23.Nd2 O-O-O 24.Ne4 Kb8 25.Kb1 Be7 26.Rh1 Qb6 27.Qe2 Rc8 
28.a3 Qc7 29.Rh2 Qa5 30.Qd2 Qb5 31.Rhh1 Qd7 32.Rxh8 Rxh8 33.Qe2 Qf5 34.Rd3
Qf4 35.Rb3 Rh1+ 36.Ka2 Qc1 37.Rxb7+ Kxb7 38.Qc4 Kb8 39.Qc6 Rh5 1/2-1/2

[Event "41st World U20 ch"]
[Site "Panaji IND"]
[Date "2002.12.13"]
[Round "7.10"]
[White "Kristjansson, Stefan"]
[Black "Azarov, Sergei"]
[Result "1-0"]
[WhiteElo "2431"]
[BlackElo "2520"]
[EventDate "2002.12.09"]
[PlyCount "143"]

1.e4 e5 2.Nf3 Nc6 3.Nc3 Nf6 4.a3 d5 5.Bb5 Nxe4 6.Qe2 Nxc3 7.Qxe5+ Be7 8.
Qxc3 O-O 9.Bxc6 bxc6 10.Qxc6 Bf5 11.d3 Bf6 12.O-O Bg4 13.c4 Bxf3 14.gxf3 
dxc4 15.dxc4 Rb8 16.Bf4 Rxb2 17.Rad1 Qe7 18.Rd7 Qe2 19.Rxc7 Bd4 20.Bg3 g6 
21.c5 h5 22.Qe4 Qxe4 23.fxe4 Rc2 24.Rd1 Bxc5 25.Kg2 h4 26.Bxh4 Re8 27.Bg3 
Rxe4 28.Rd5 Rec4 29.Rd8+ Kg7 30.Rdd7 Kf6 31.Rxf7+ Ke6 32.Rf3 Bd4 33.Rh7 
R4c3 34.Rf4 Bb6 35.Rh6 Rxa3 36.Rxg6+ Kd5 37.h4 Bc7 38.Rg5+ Ke6 39.Rf3 Rxf3
40.Kxf3 Kf6 41.Kg4 Rc4+ 42.f4 Rc1 43.h5 Rh1 44.Rg6+ Kf7 45.Rc6 Bd8 46.Rd6 
Be7 47.Ra6 Bc5 48.Rc6 Be7 49.Rc7 a5 50.Ra7 a4 51.Rxa4 Bf6 52.Ra7+ Kg8 53.
Kf5 Bd4 54.Rd7 Bc5 55.Kg6 Rg1 56.Rd8+ Bf8 57.Rd3 Be7 58.Rc3 Bb4 59.Rb3 Bd6
60.Kf5 Kh7 61.Bh4 Rh1 62.Rb7+ Kg8 63.Bg5 Rxh5 64.Kg6 Rh1 65.Rd7 Bf8 66.f5 
Rb1 67.f6 Rb6 68.Rd8 Rb7 69.Bh6 Rg7+ 70.Kf5 Rf7 71.Ke6 Rb7 72.Bxf8 1-0

[Event "41st World U20 ch"]
[Site "Panaji IND"]
[Date "2002.12.13"]
[Round "7.11"]
[White "Asauskas, Henrikas"]
[Black "Erenburg, Sergey"]
[Result "0-1"]
[WhiteElo "2331"]
[BlackElo "2494"]
[EventDate "2002.12.09"]
[PlyCount "58"]

1.e4 c6 2.d4 d5 3.Nc3 dxe4 4.Nxe4 Nd7 5.Ng5 Ngf6 6.Bd3 e6 7.Qe2 Bd6 8.N1f3
h6 9.Ne4 Nxe4 10.Qxe4 Nf6 11.Qe2 Qc7 12.Bd2 b6 13.O-O-O Bb7 14.Kb1 O-O-O 
15.Ba6 Rhe8 16.Ne5 Re7 17.Bxb7+ Qxb7 18.Qf3 Bxe5 19.dxe5 Ne8 20.c4 Red7 
21.Bc3 Rxd1+ 22.Rxd1 Rxd1+ 23.Qxd1 c5 24.f3 Qe7 25.Qe2 Nc7 26.a3 Qd7 27.
Qd2 Qa4 28.Qf4 Nd5 29.Qd2 Qxc4 0-1

[Event "41st World U20 ch"]
[Site "Panaji IND"]
[Date "2002.12.13"]
[Round "7.12"]
[White "Bromberger, Stefan"]
[Black "Smerdon, David"]
[Result "0-1"]
[WhiteElo "2414"]
[BlackElo "2382"]
[EventDate "2002.12.09"]
[PlyCount "100"]

1.d4 Nf6 2.c4 c5 3.d5 e6 4.Nc3 exd5 5.cxd5 d6 6.e4 g6 7.f4 Bg7 8.Bb5+ Nbd7
9.e5 dxe5 10.fxe5 Nh5 11.e6 Qh4+ 12.g3 Nxg3 13.hxg3 Qxh1 14.Be3 Bxc3+ 15.
bxc3 a6 16.exd7+ Bxd7 17.Bxd7+ Kxd7 18.Qb3 b5 19.O-O-O Rhe8 20.Bxc5 Qg2 
21.Kb1 Rac8 22.d6 Re6 23.Bb4 Rc4 24.a4 Qe4+ 25.Kb2 Re5 26.a5 Rh5 27.Ka3 
Rg5 28.Rf1 f5 29.Rf4 Qe1 30.Nf3 Qa1+ 31.Qa2 Rxc3+ 32.Bxc3 Qxc3+ 33.Qb3 
Qxb3+ 34.Kxb3 Rxg3 35.Kb4 Kxd6 36.Rd4+ Ke7 37.Ne5 Ke6 38.Nd3 Rg4 39.Kc5 
Rxd4 40.Kxd4 Kd6 41.Nb4 h5 42.Nxa6 h4 43.Ke3 h3 44.Kf3 g5 45.Kg3 g4 46.Nb4
Kc7 47.Kh2 Kb7 48.Kg3 Ka7 49.Kh2 f4 50.Nd5 Ka6 0-1

[Event "41st World U20 ch"]
[Site "Panaji IND"]
[Date "2002.12.13"]
[Round "7.13"]
[White "Sandipan, Chanda"]
[Black "Roy Chowdhury, Saptarshi"]
[Result "1-0"]
[WhiteElo "2510"]
[BlackElo "2376"]
[EventDate "2002.12.09"]
[PlyCount "125"]

1.c4 e5 2.Nc3 Nc6 3.Nf3 g6 4.g3 Bg7 5.Bg2 d6 6.d3 Nf6 7.Rb1 a5 8.a3 O-O 9.
O-O h6 10.b4 axb4 11.axb4 Be6 12.e4 Qd7 13.Nd5 Ne8 14.Bd2 Bg4 15.Ne3 Bh3 
16.Bxh3 Qxh3 17.Nd5 f5 18.b5 fxe4 19.dxe4 Nd4 20.Nxd4 exd4 21.Nf4 Rxf4 22.
Bxf4 Nf6 23.f3 Ra2 24.Bd2 Nd7 25.Rf2 Nc5 26.Be1 Ra8 27.Bb4 Nd7 28.f4 Re8 
29.Qd3 g5 30.fxg5 hxg5 31.Rbf1 Ne5 32.Qd2 g4 33.Qg5 Nf3+ 34.Rxf3 gxf3 35.
Qd5+ Kh8 36.Rxf3 Qg4 37.Rf4 Qd1+ 38.Rf1 Qe2 39.Re1 Qf3 40.Qf5 Rf8 41.Qxf3 
Rxf3 42.Bd2 Rd3 43.Bg5 Be5 44.Rc1 Kg7 45.Kf2 Rb3 46.Bd2 Kg6 47.Rg1 Rb2 48.
Ke2 Rb3 49.Rf1 Bf6 50.Rf3 Rb2 51.h4 Bg7 52.g4 Bh6 53.h5+ Kg7 54.Rd3 Be3 
55.Rxe3 dxe3 56.Kxe3 Rb3+ 57.Kf4 Rh3 58.Kf5 Kh7 59.b6 cxb6 60.Bf4 b5 61.
cxb5 Rb3 62.g5 Rxb5+ 63.Kf6 1-0

[Event "41st World U20 ch"]
[Site "Panaji IND"]
[Date "2002.12.13"]
[Round "7.14"]
[White "Neelotpal, Das"]
[Black "Jeremic, Veljko"]
[Result "1-0"]
[WhiteElo "2374"]
[BlackElo "2487"]
[EventDate "2002.12.09"]
[PlyCount "79"]

1.e4 e6 2.d4 d5 3.Nc3 Nf6 4.e5 Nfd7 5.f4 c5 6.Nf3 Nc6 7.Be3 a6 8.Qd2 b5 9.
h4 b4 10.Ne2 Qb6 11.g4 h5 12.gxh5 Rxh5 13.Bh3 cxd4 14.Nexd4 Nxd4 15.Nxd4 
Bc5 16.O-O-O a5 17.Qg2 g6 18.Bg4 b3 19.cxb3 a4 20.Bxh5 axb3 21.a3 gxh5 22.
f5 Nf8 23.fxe6 Bxe6 24.Kb1 Bxd4 25.Rxd4 Qc5 26.Qf2 Qc8 27.Rc1 Bf5+ 28.Ka1 
Bc2 29.Qd2 Ne6 30.Rxd5 Qc4 31.Ra5 Rd8 32.Qf2 Qe4 33.Ra7 Qg6 34.Bc5 Nxc5 
35.Qxc5 Qe6 36.Rb7 Rc8 37.Qd6 Rd8 38.Qxe6+ fxe6 39.Rg1 Kf8 40.Rbg7 1-0

[Event "41st World U20 ch"]
[Site "Panaji IND"]
[Date "2002.12.13"]
[Round "7.15"]
[White "Bar, Roman"]
[Black "Prathamesh, Sunil Mokal"]
[Result "1/2-1/2"]
[WhiteElo "2413"]
[BlackElo "2335"]
[EventDate "2002.12.09"]
[PlyCount "75"]

1.e4 c5 2.Nf3 e6 3.d4 cxd4 4.Nxd4 a6 5.Bd3 Nf6 6.O-O Qc7 7.Qe2 d6 8.c4 g6 
9.Nc3 Bg7 10.Be3 O-O 11.Rac1 Nbd7 12.f3 b6 13.Rfd1 Bb7 14.Qf2 Rfe8 15.Be2 
Rac8 16.Nb3 Qb8 17.Rd2 Bf8 18.Rcd1 d5 19.cxd5 exd5 20.exd5 Bd6 21.g3 h5 
22.Rd4 Be5 23.R4d3 h4 24.g4 a5 25.Bd4 a4 26.Nc1 a3 27.bxa3 Qa8 28.Bxe5 
Nxe5 29.Re3 Nxd5 30.Nxd5 Bxd5 31.Nd3 Nxd3 32.Rdxd3 h3 33.Rxe8+ Rxe8 34.Bf1
Bc4 35.Re3 Bxf1 36.Rxe8+ Qxe8 37.Kxf1 Qe5 38.Qd2 1/2-1/2

[Event "41st World U20 ch"]
[Site "Panaji IND"]
[Date "2002.12.13"]
[Round "7.16"]
[White "Perez Candelario, Manuel"]
[Black "Sharma, R. Preetham"]
[Result "1/2-1/2"]
[WhiteElo "2408"]
[BlackElo "2311"]
[EventDate "2002.12.09"]
[PlyCount "41"]

1.c4 f5 2.Nc3 Nf6 3.g3 d6 4.Bg2 g6 5.Nf3 Bg7 6.O-O O-O 7.d3 h6 8.Rb1 e5 9.
b4 Nc6 10.b5 Ne7 11.Qb3 Be6 12.Nd2 Qc8 13.Ba3 g5 14.Rbc1 Kh8 15.Nd5 Rf7 
16.Nb1 f4 17.Nbc3 Nf5 18.Qd1 Nd7 19.Ne4 Qd8 20.Bb2 Nf8 21.Nb4 1/2-1/2

[Event "41st World U20 ch"]
[Site "Panaji IND"]
[Date "2002.12.13"]
[Round "7.17"]
[White "Deepan Chakravarthy, Jeyakumar"]
[Black "Sadykov, Rustem"]
[Result "1/2-1/2"]
[WhiteElo "2355"]
[BlackElo "2400"]
[EventDate "2002.12.09"]
[PlyCount "61"]

1.e4 c5 2.Nf3 d6 3.d4 cxd4 4.Nxd4 Nf6 5.Nc3 a6 6.Bg5 e6 7.f4 Nbd7 8.Qf3 
Qc7 9.O-O-O b5 10.a3 Bb7 11.g4 O-O-O 12.Bg2 Be7 13.Bxf6 Nxf6 14.g5 Nd7 15.
h4 Kb8 16.f5 e5 17.Nb3 Rc8 18.Kb1 f6 19.Qg3 Nb6 20.Rd3 Na4 21.Rc1 Nxc3+ 
22.Rxc3 Qb6 23.Rxc8+ Rxc8 24.g6 h6 25.Rd1 Bd8 26.Qd3 Bc7 27.h5 Qf2 28.Rd2 
Qg1+ 29.Ka2 Ka8 30.Bf3 Kb8 31.Bg2 1/2-1/2

[Event "41st World U20 ch"]
[Site "Panaji IND"]
[Date "2002.12.13"]
[Round "7.18"]
[White "Poobesh Anand, Selvaraj"]
[Black "Gozzoli, Yannick"]
[Result "1/2-1/2"]
[WhiteElo "2351"]
[BlackElo "2377"]
[EventDate "2002.12.09"]
[PlyCount "30"]

1.d4 Nf6 2.c4 c6 3.Nc3 d5 4.cxd5 cxd5 5.Nf3 Nc6 6.Bf4 Nh5 7.Bg3 Nxg3 8.
hxg3 a6 9.e3 e6 10.Bd3 h6 11.Rc1 Bd7 12.O-O Be7 13.e4 dxe4 14.Bxe4 O-O 15.
d5 exd5 1/2-1/2

[Event "41st World U20 ch"]
[Site "Panaji IND"]
[Date "2002.12.13"]
[Round "7.19"]
[White "Vioreanu, Bogdan"]
[Black "Annaberdiev, Meilis"]
[Result "0-1"]
[WhiteElo "2379"]
[BlackElo "2305"]
[EventDate "2002.12.09"]
[PlyCount "58"]

1.d4 Nf6 2.c4 g6 3.Nc3 Bg7 4.e4 d6 5.Be2 O-O 6.Bg5 Nbd7 7.Qd2 c5 8.d5 b5 
9.cxb5 a6 10.Nf3 Qb6 11.a4 axb5 12.Bxb5 Nxe4 13.Nxe4 Qxb5 14.axb5 Rxa1+ 
15.Ke2 Rxh1 16.Ne1 Nb6 17.Ng3 Rg1 18.f3 Bd4 19.Kd1 Nc4 20.Qe2 Nxb2+ 21.Kc2
Bd7 22.b6 Ba4+ 23.Kd2 c4 24.Ne4 Bxb6 25.Be3 Ba5+ 26.Nc3 Nd1 27.Bxg1 Bxc3+ 
28.Kc1 Bb2+ 29.Kd2 c3+ 0-1

[Event "41st World U20 ch"]
[Site "Panaji IND"]
[Date "2002.12.13"]
[Round "7.20"]
[White "Geirnaert, Steven"]
[Black "Paragua, Mark"]
[Result "0-1"]
[WhiteElo "2277"]
[BlackElo "2476"]
[EventDate "2002.12.09"]
[PlyCount "74"]

1.e4 c5 2.Nf3 d6 3.d4 cxd4 4.Nxd4 Nf6 5.Nc3 a6 6.f4 e5 7.Nf3 Nbd7 8.a4 Be7
9.Bd3 O-O 10.O-O exf4 11.Bxf4 Ne5 12.Qe1 Nxf3+ 13.Rxf3 Bg4 14.Rf1 Be6 15.
e5 dxe5 16.Bxe5 Ng4 17.Bf4 Qb6+ 18.Kh1 Rac8 19.h3 Qxb2 20.Bd2 Nf6 21.Rb1 
Qa3 22.Rxb7 Rfe8 23.Qh4 h6 24.Bxh6 Qxc3 25.Bg5 Rc7 26.Bd2 Qxd3 27.cxd3 
Rxb7 28.Qg3 Rb3 29.Bh6 g6 30.Qe5 Rxd3 31.Bg5 Rd5 32.Qe3 Ng4 33.hxg4 Rxg5 
34.Rf4 Rb8 35.g3 Rb1+ 36.Kg2 Rb2+ 37.Kf1 Rd5 0-1

[Event "41st World U20 ch"]
[Site "Panaji IND"]
[Date "2002.12.13"]
[Round "7.21"]
[White "Darban, Varighan"]
[Black "Kidambi, Sundararajan"]
[Result "0-1"]
[WhiteElo "2310"]
[BlackElo "2408"]
[EventDate "2002.12.09"]
[PlyCount "126"]

1.e4 c5 2.Nf3 d6 3.d4 cxd4 4.Nxd4 Nf6 5.Nc3 a6 6.Be2 e6 7.a4 Qc7 8.Be3 b6 
9.f4 Bb7 10.Bf3 Nbd7 11.Qe2 Be7 12.Bf2 O-O 13.O-O Rfe8 14.Rae1 e5 15.Nf5 
exf4 16.Qd2 Bf8 17.Qxf4 Ne5 18.Kh1 Rad8 19.Bd4 Nfd7 20.b3 Re6 21.Bd1 Nf6 
22.Qg3 Rde8 23.Bf3 Ng6 24.Qf2 Nxe4 25.Nxe4 Bxe4 26.Rxe4 Rxe4 27.Bxb6 Qd7 
28.Bxe4 Rxe4 29.Ng3 Rf4 30.Qd2 Rxf1+ 31.Nxf1 Qc6 32.Bg1 Qe4 33.Ne3 Nf4 34.
c4 g6 35.Nd5 Nxd5 36.cxd5 Bg7 37.Qd1 Be5 38.Bf2 h5 39.Bg3 h4 40.Bxe5 h3 
41.Qf1 Qxe5 42.gxh3 Qxd5+ 43.Kg1 a5 44.Qb5 Qd2 45.h4 d5 46.Qe8+ Kg7 47.
Qe5+ Kh7 48.Qc7 Qe3+ 49.Kg2 Kg7 50.Qxa5 d4 51.Kf1 d3 52.Qe1 Qf3+ 53.Kg1 
Qg4+ 54.Kf1 Qf4+ 55.Kg2 d2 56.Qd1 f5 57.h3 Qe3 58.Kf1 f4 59.a5 f3 60.a6 f2
61.Qa1+ Kh7 62.Kg2 Qe1 63.Qf6 Qg1+ 0-1

[Event "41st World U20 ch"]
[Site "Panaji IND"]
[Date "2002.12.13"]
[Round "7.22"]
[White "Carlsson, Pontus"]
[Black "Leong Chee Ming, Luke"]
[Result "1-0"]
[WhiteElo "2376"]
[BlackElo "2297"]
[EventDate "2002.12.09"]
[PlyCount "77"]

1.e4 c6 2.d4 d5 3.Nd2 dxe4 4.Nxe4 Nd7 5.Bc4 Ngf6 6.Ng5 e6 7.Qe2 Nb6 8.Bd3 
h6 9.N5f3 c5 10.Be3 Nbd5 11.Ne5 a6 12.Ngf3 Qc7 13.O-O Bd6 14.c3 b5 15.Bd2 
cxd4 16.cxd4 Bb7 17.Rfc1 Qb6 18.a4 b4 19.a5 Qd8 20.Nc6 Qd7 21.Nfe5 Bxe5 
22.Nxe5 Qe7 23.Bb5+ Kf8 24.Ba4 Kg8 25.Nc6 Qd6 26.Qe5 Qf8 27.Rc4 Rc8 28.
Rac1 Kh7 29.Bc2+ g6 30.Bd3 b3 31.h3 Qe8 32.Nb4 Qd7 33.h4 Rxc4 34.Rxc4 Ng4 
35.Qg3 h5 36.Nxd5 Qxd5 37.Rc5 Qxd4 38.Rxh5+ Kg8 39.Qb8+ 1-0

[Event "41st World U20 ch"]
[Site "Panaji IND"]
[Date "2002.12.13"]
[Round "7.23"]
[White "Poliakov, Dmitry"]
[Black "Collins, Sam"]
[Result "1/2-1/2"]
[WhiteElo "2290"]
[BlackElo "2372"]
[EventDate "2002.12.09"]
[PlyCount "134"]

1.d4 d5 2.Nf3 Nc6 3.Bf4 Bf5 4.e3 e6 5.Bd3 Nge7 6.a3 a6 7.Nc3 h6 8.h3 g5 9.
Bh2 Bg7 10.g4 Bxd3 11.Qxd3 Ng6 12.Ne2 Qf6 13.e4 dxe4 14.Qxe4 O-O-O 15.
O-O-O Rd5 16.Rd3 Rhd8 17.Rhd1 Qe7 18.Nc3 Ra5 19.Kb1 f5 20.gxf5 exf5 21.
Qxe7 Ncxe7 22.b4 Rxa3 23.Kb2 Rxc3 24.Kxc3 Nd5+ 25.Kc4 Ngf4 26.Bxf4 Nxf4 
27.Re3 Nxh3 28.Re7 Bf8 29.Re2 g4 30.Ng1 Ng5 31.f3 Bg7 32.c3 h5 33.fxg4 
hxg4 34.Rf1 Ne4 35.Rh2 Bf8 36.Kd3 Bd6 37.Rh7 Ng3 38.Rf2 Rg8 39.Rf7 b6 40.
Rg2 f4 41.c4 f3 42.Nxf3 gxf3 43.Rxf3 c6 44.c5 bxc5 45.bxc5 Bc7 46.Kc4 Rg7 
47.Rf8+ Kd7 48.Ra8 a5 49.Ra7 Rg5 50.Rb2 Nf5 51.Rh2 Ne3+ 52.Kd3 Nd5 53.Rh7+
Ke6 54.Rh6+ Kf5 55.Rxc6 Nb4+ 56.Kc4 Nxc6 57.Rxc7 Nb4 58.Ra7 Rg4 59.Rxa5 
Nc6 60.Ra4 Ke6 61.Kb5 Nxd4+ 62.Kb6 Kd5 63.c6 Rg6 64.Rxd4+ Kxd4 65.Kb7 Kc5 
66.c7 Rb6+ 67.Ka7 Rc6 1/2-1/2

[Event "41st World U20 ch"]
[Site "Panaji IND"]
[Date "2002.12.13"]
[Round "7.24"]
[White "Lim Yee Weng"]
[Black "Glinert, Stephen"]
[Result "1-0"]
[WhiteElo "2202"]
[BlackElo "2351"]
[EventDate "2002.12.09"]
[PlyCount "111"]

1.e4 b6 2.d4 Bb7 3.Bd3 Nf6 4.Qe2 Nc6 5.c3 e5 6.Nf3 exd4 7.e5 Nd5 8.Be4 
Nde7 9.cxd4 d5 10.exd6 Qxd6 11.O-O O-O-O 12.Nc3 f5 13.Nb5 Qd7 14.Bxc6 Nxc6
15.Bf4 Ba6 16.Rfc1 Kb7 17.a4 Bd6 18.d5 Ne7 19.Ne5 Bxe5 20.Qxe5 c6 21.dxc6+
Nxc6 22.Qc3 g5 23.Bxg5 Rc8 24.Qf3 Ka8 25.Rd1 Qg7 26.Bd2 Rhg8 27.Bc3 Qg4 
28.Qxg4 Rxg4 29.Rd7 h5 30.f3 Rgg8 31.Rad1 Rgd8 32.Kf2 Rxd7 33.Rxd7 Rd8 34.
Nc7+ Kb7 35.Rxd8 Nxd8 36.Nxa6 Kxa6 37.Kg3 Ne6 38.Kh4 Nc5 39.Kxh5 Nxa4 40.
Bf6 Nc5 41.g4 fxg4 42.fxg4 Ne4 43.g5 Kb5 44.Be5 Kc6 45.g6 Kd5 46.Bb8 a6 
47.g7 Nf6+ 48.Kg6 Ke6 49.h4 Ng8 50.Ba7 Ne7+ 51.Kh7 Kf7 52.Bxb6 Ng8 53.Bd4 
Ne7 54.Be3 Ng8 55.Bg5 a5 56.b3 1-0